Statistiques concernant Géographie - Exceptions #1

Cliquez ici pour prendre le quiz!

Statistiques générales

  • Ce quiz a été pris 629 fois
    (619 depuis la dernière actualisation)
  • Le résultat moyen est 7 sur 10

Statistiques - réponses

Complètez cette règle par son exception% Correct
Tous les états des Etats-Unis se trouvent en Amérique sauf {Hawaï}.
89%
Aucune possession d'outre-mer française n'est sur un continent sauf {la Guyane}.
87%
Tous les continents sont habités sauf {l'Antarctique}.
86%
Aucun pays d'Océanie n'a de frontière terrestre sauf {la Papouasie Nouvelle Guinée} qui en possède une.
85%
Tous les pays de l'Union Européenne sont en Europe sauf {Chypre}.
69%
Tous les états/territoires d'Australie se trouvent sur l'île principale sauf {la Tasmanie}.
68%
Tous les membres fondateurs de l'UE partagent une frontière avec la France métropolitaine sauf {les Pays-Bas}.
68%
Toutes les îles de l'Archipel des Comores appartiennent au pays éponyme sauf {Mayotte} qui appartient à la France.
65%
Tous les pays d'Afrique ont été colonisés sauf {le Libéria}.
42%
Aucun pays n'a pour seule frontière terrestre internationale un pont sauf {le Bahreïn}.
30%

Distribution des résultats

Percentile par nombre de réponses

% des personnes avec chaque résultat

Votre développement - résultats

Vous n’avez pas pris ce quiz depuis la dernière actualisation